[Event "Barcelona Sant Marti op 6th"]
[Site "Barcelona"]
[Date "2017.03.09"]
[Round "9"]
[White "Ramos Alvarez, Maximo"]
[Black "Canela Gimenez, Maria Concepcion"]
[Result "0-1"]
[WhiteElo "1853"]
[BlackElo "1790"]
[PlyCount "88"]
[EventDate "2017.01.12"]
[EventType "swiss"]
[EventRounds "9"]
[EventCountry "ESP"]
[SourceTitle "EXT 2018"]
[Source "ChessBase"]
[SourceDate "2017.10.13"]
[SourceVersion "1"]
[SourceVersionDate "2017.10.13"]
[SourceQuality "1"]

1. e4 d5 2. exd5 Qxd5 3. Nf3 Bg4 4. Be2 Nc6 5. d4 0-0-0 6. c4 Qf5 7. Be3 Bxf3 8. Bxf3 Nxd4 9. Bxd4 Qe6+ 10. Be2 Qe4 11. Nc3 Qxd4 12. Qxd4 Rxd4 13. Nb5 Rd7 14. Nxa7+ Kb8 15. Nb5 e6 16. 0-0 Nf6 17. Rfd1 Bc5 18. Rxd7 Nxd7 19. a3 c6 20. Nc3 Bd4 21. Rd1 e5 22. Bf3 Kc7 23. Ne4 Bxb2 24. Nd6 Nc5 25. Nxf7 Rf8 26. Ng5 h6 27. Ne4 Nxe4 28. Bxe4 Bxa3 29. Kf1 Bc5 30. Rd2 Ra8 31. Ke2 Ra4 32. Rc2 b5 33. Bd3 b4 34. Rb2 Ra3 35. f3 Kb6 36. Kd2 Ka5 37. Be4 Bd4 38. Rb1 b3 39. Bxc6 Kb4 40. Bd5 Ra2+ 41. Kd3 Bc5 42. Ke4 Rxg2 43. Kxe5 Rxh2 44. Be4 b2 0-1

[Event "Barcelona Sant Marti op 6th"]
[Site "Barcelona"]
[Date "2017.02.23"]
[Round "7"]
[White "Canela Gimenez, Maria Concepcion"]
[Black "Sabater Comas, Jordi"]
[Result "1/2-1/2"]
[WhiteElo "1790"]
[BlackElo "1918"]
[PlyCount "37"]
[EventDate "2017.01.12"]
[EventType "swiss"]
[EventRounds "9"]
[EventCountry "ESP"]
[SourceTitle "EXT 2018"]
[Source "ChessBase"]
[SourceDate "2017.10.13"]
[SourceVersion "1"]
[SourceVersionDate "2017.10.13"]
[SourceQuality "1"]

1. e4 c5 2. Nc3 d6 3. g3 Nf6 4. Bg2 g6 5. Nge2 Nc6 6. 0-0 Bg7 7. d4 cxd4 8. Nxd4 Bd7 9. Nde2 0-0 10. h3 Qa5 11. Be3 Ne5 12. b3 Rac8 13. Bd2 Qb6 14. Kh1 Rfd8 15. f4 Nc6 16. g4 Nxg4 17. hxg4 Bxg4 18. Bf3 Bh3 19. Nd5 1/2-1/2

[Event "Foment Martinenc op-B 18th"]
[Site "Barcelona"]
[Date "2016.06.04"]
[Round "7"]
[White "Canela Gimenez, Maria Concepcion"]
[Black "Gonzalez Martin, Fernando"]
[Result "1/2-1/2"]
[WhiteElo "1785"]
[BlackElo "1825"]
[PlyCount "47"]
[EventDate "2016.04.23"]
[EventType "swiss"]
[EventRounds "9"]
[EventCountry "ESP"]
[SourceTitle "EXT 2017"]
[Source "ChessBase"]
[SourceDate "2016.10.25"]
[SourceVersion "1"]
[SourceVersionDate "2016.10.25"]
[SourceQuality "1"]

1. e4 e5 2. d4 exd4 3. Qxd4 Nc6 4. Qe3 Nf6 5. Bd2 d6 6. c4 Be7 7. Nc3 0-0 8. 0-0-0 Re8 9. f3 Bf8 10. g4 Be6 11. h4 Ne5 12. b3 c6 13. g5 Nh5 14. Nge2 f5 15. gxf6 Qxf6 16. Bg2 g6 17. Kb1 Bg7 18. Bc1 Nf7 19. Bb2 Qe7 20. f4 Bg4 21. Bf3 Nh6 22. Bxg4 Nxg4 23. Qf3 Ngf6 24. f5 1/2-1/2

[Event "Foment Martinenc op-B 18th"]
[Site "Barcelona"]
[Date "2016.04.30"]
[Round "2"]
[White "Canela Gimenez, Maria Concepcion"]
[Black "Izquierdo Pujol, Pol"]
[Result "1-0"]
[WhiteElo "1785"]
[BlackElo "1835"]
[PlyCount "83"]
[EventDate "2016.04.23"]
[EventType "swiss"]
[EventRounds "9"]
[EventCountry "ESP"]
[SourceTitle "EXT 2017"]
[Source "ChessBase"]
[SourceDate "2016.10.25"]
[SourceVersion "1"]
[SourceVersionDate "2016.10.25"]
[SourceQuality "1"]

1. e4 Nc6 2. d4 d5 3. e5 Bf5 4. Bb5 e6 5. Nf3 Qd7 6. Nc3 f6 7. Nh4 a6 8. Bxc6 Qxc6 9. Nxf5 exf5 10. 0-0 0-0-0 11. Qf3 g6 12. h4 fxe5 13. dxe5 Bg7 14. Bf4 Nh6 15. Rad1 Nf7 16. Rxd5 Rxd5 17. Nxd5 Re8 18. e6 Ne5 19. Bxe5 Bxe5 20. e7 Qe6 21. Re1 Bh2+ 22. Kf1 Be5 23. Qb3 Kb8 24. f4 c6 25. Rxe5 Qd6 26. Ne3 Rxe7 27. Rxe7 Qxe7 28. Kf2 Qxh4+ 29. g3 Qh2+ 30. Ng2 Kc7 31. Qf7+ Kc8 32. Qe8+ Kc7 33. Qe7+ Kb6 34. Qh4 Qxh4 35. Nxh4 Kc5 36. Ke3 Kd5 37. Nf3 b5 38. Ng5 h6 39. Nf7 h5 40. Nh8 g5 41. fxg5 Ke5 42. Ng6+ 1-0

[Event "Barcelona Sant Marti op-B 5th"]
[Site "Barcelona"]
[Date "2016.02.11"]
[Round "5"]
[White "Canela Gimenez, Maria Concepcion"]
[Black "Niubo Calvo, Juan"]
[Result "0-1"]
[WhiteElo "1750"]
[BlackElo "1799"]
[PlyCount "56"]
[EventDate "2016.01.14"]
[EventType "swiss"]
[EventRounds "9"]
[EventCountry "ESP"]
[SourceTitle "EXT 2017"]
[Source "ChessBase"]
[SourceDate "2016.10.25"]
[SourceVersion "1"]
[SourceVersionDate "2016.10.25"]
[SourceQuality "1"]

1. e4 e5 2. d4 exd4 3. Qxd4 Nc6 4. Qe3 g6 5. Nc3 Bg7 6. b3 Nf6 7. Bb2 0-0 8. 0-0-0 Re8 9. f3 d5 10. Qd2 dxe4 11. Qxd8 Nxd8 12. fxe4 Bg4 13. Re1 Nc6 14. Nf3 Rad8 15. Bb5 Re6 16. h3 Bxf3 17. gxf3 Ne5 18. f4 Nf3 19. Re3 Nd4 20. Bd3 Nh5 21. Rf1 Bh6 22. Bc4 Ree8 23. Nd5 c6 24. Bxd4 cxd5 25. Bxd5 Nxf4 26. Rxf4 Bxf4 27. Kb2 Bxe3 28. Bxe3 Rxd5 0-1

[Event "Cornella de Llobregat Vallve Pinol 3rd"]
[Site "Cornella de Llobregat"]
[Date "2015.09.21"]
[Round "1.5"]
[White "Canela Gimenez, Maria Concepcion"]
[Black "Palacin Martin, Ricardo"]
[Result "0-1"]
[WhiteElo "1939"]
[BlackElo "2246"]
[PlyCount "72"]
[EventDate "2015.09.21"]
[EventType "swiss"]
[EventRounds "9"]
[EventCountry "ESP"]
[SourceTitle "EXT 2024"]
[Source "ChessBase"]
[SourceDate "2023.10.10"]
[SourceVersion "1"]
[SourceVersionDate "2023.10.10"]
[SourceQuality "1"]

1. e4 Nf6 2. e5 Nd5 3. c4 Nb6 4. d4 Nc6 5. Nf3 d6 6. exd6 exd6 7. Be2 Be7 8. 0-0 0-0 9. Nc3 Bf5 10. a3 a5 11. Be3 Bf6 12. Qd2 a4 13. c5 dxc5 14. dxc5 Qxd2 15. Bxd2 Nd7 16. Be3 Bxc3 17. bxc3 Na5 18. Nd4 Bg6 19. f4 Be4 20. Nb5 Nb3 21. Rad1 Ndxc5 22. Nxc7 Rad8 23. Nb5 Bc2 24. Rxd8 Rxd8 25. Nd4 Nxd4 26. Bxd4 Nb3 27. Be3 Nd2 28. Rc1 Bb3 29. c4 f5 30. c5 Re8 31. Bxd2 Rxe2 32. Bb4 Bd5 33. g3 Rg2+ 34. Kf1 Rxh2 35. Re1 Be4 36. Kg1 Rg2+ 0-1

[Event "Barcelona Sant Marti op-B 17th"]
[Site "Barcelona"]
[Date "2015.07.19"]
[Round "7"]
[White "Canela Gimenez, Maria Concepcion"]
[Black "Manosas Vila, Ester"]
[Result "0-1"]
[WhiteElo "1959"]
[BlackElo "1895"]
[PlyCount "60"]
[EventDate "2015.07.13"]
[EventType "swiss"]
[EventRounds "9"]
[EventCountry "ESP"]
[SourceTitle "EXT 2016"]
[Source "ChessBase"]
[SourceDate "2015.10.08"]
[SourceVersion "1"]
[SourceVersionDate "2015.10.08"]
[SourceQuality "1"]

1. c4 e5 2. Nc3 Nc6 3. g3 g6 4. Bg2 Bg7 5. d3 d6 6. e3 Be6 7. Nge2 Qd7 8. Nd5 Nd8 9. f4 c6 10. Ndc3 Bh3 11. Bf3 Nf6 12. Ne4 Nxe4 13. dxe4 0-0 14. Nc3 f5 15. Qb3 fxe4 16. Nxe4 Nf7 17. Bd2 exf4 18. exf4 d5 19. cxd5 cxd5 20. Nc3 Rae8+ 21. Ne2 Rd8 22. Kf2 Rfe8 23. Rhd1 Be6 24. Be1 b6 25. Rac1 d4 26. Qa3 d3 27. Bc6 Bd4+ 28. Nxd4 Qxd4+ 29. Kg2 Bd5+ 30. Bxd5 Qxd5+ 0-1

[Event "Barcelona Sant Marti op-B 17th"]
[Site "Barcelona"]
[Date "2015.07.17"]
[Round "5"]
[White "Canela Gimenez, Maria Concepcion"]
[Black "Bernat Pascual, Magi"]
[Result "1/2-1/2"]
[WhiteElo "1959"]
[BlackElo "1850"]
[PlyCount "53"]
[EventDate "2015.07.13"]
[EventType "swiss"]
[EventRounds "9"]
[EventCountry "ESP"]
[SourceTitle "EXT 2016"]
[Source "ChessBase"]
[SourceDate "2015.10.08"]
[SourceVersion "1"]
[SourceVersionDate "2015.10.08"]
[SourceQuality "1"]

1. e4 c6 2. Nc3 d5 3. Nf3 Bg4 4. Be2 Bxf3 5. Bxf3 d4 6. Ne2 e5 7. c3 c5 8. 0-0 Nf6 9. cxd4 cxd4 10. d3 Be7 11. g3 0-0 12. Bg2 Nc6 13. f4 Qd7 14. h3 Rac8 15. Bd2 Rc7 16. Rc1 Rfc8 17. Qb3 h6 18. Kh2 Bd6 19. f5 Qe7 20. a3 Qd7 21. g4 Nh7 22. Ng3 Kh8 23. Nh5 f6 24. h4 Qf7 25. Qd1 Be7 26. Rc2 Qb3 27. Bc1 1/2-1/2

[Event "Barcelona Sant Marti op-B 4th"]
[Site "Barcelona"]
[Date "2015.02.12"]
[Round "5"]
[White "Canela Gimenez, Maria Concepcion"]
[Black "Tortosa Moros, Joan"]
[Result "1-0"]
[WhiteElo "1960"]
[BlackElo "1892"]
[PlyCount "63"]
[EventDate "2015.01.15"]
[EventType "swiss"]
[EventRounds "9"]
[EventCountry "ESP"]
[SourceTitle "EXT 2016"]
[Source "ChessBase"]
[SourceDate "2015.10.08"]
[SourceVersion "1"]
[SourceVersionDate "2015.10.08"]
[SourceQuality "1"]

1. e4 c5 2. Nf3 Nc6 3. d4 cxd4 4. Nxd4 g6 5. c4 Bg7 6. Be3 Nf6 7. Nc3 Ng4 8. Qxg4 Nxd4 9. Qd1 Ne6 10. Be2 Bxc3+ 11. bxc3 b6 12. 0-0 Bb7 13. Qc2 Rc8 14. f4 Nc5 15. Bf3 Qc7 16. Bd4 Rg8 17. Be5 d6 18. Bd4 Ne6 19. Qd2 Qxc4 20. Be2 Qc7 21. Bb5+ Kf8 22. f5 Nxd4 23. Qh6+ Rg7 24. cxd4 Bxe4 25. f6 exf6 26. Rxf6 Qc3 27. Raf1 Qxd4+ 28. Kh1 Bf5 29. Bd7 Qxf6 30. Bxc8 Qb2 31. Bxf5 gxf5 32. Qxd6+ 1-0